000 00876nam a22002417a 4500
999 _c65063
_d65063
005 20240530110805.0
008 190115s2018 ua a g 000 0 ara d
017 _a2018/8360
_bمصر. دار الكتب
020 _a9789772815975
040 _aEG-CaGPL
_cEG-CaGPL
082 0 4 _221
_a720.47 /
_bهـ ب
100 0 _aهشام جلال ابوسعدة
245 1 2 _aالبعد السابع :
_bالتصميم الحضرى - نظرية الخيال /
_cهشام جلال ابوسعدة
250 _aط.1
260 _aالقاهرة :
_bالمكتبة الاكاديمية ،
_c2018 .
300 _a230 ص. :
_bايض ؛
_c24 سم.
650 0 7 _2qrmak
_aالعمارة
_xتصميمات
650 0 7 _aالعمارة
_xنظريات
650 0 7 _2qrmak
_aالمدن
_xمبانى عامة
651 _2qrmak
942 _2ddc
_cBK